Twin Peaks characters - Statistics

General Stats
  • This quiz has been taken 377 times
  • The average score is 13 of 48
Answer Stats
Answer % Correct
Special Agent Dale Cooper
92%
Laura Palmer
79%
Leland Palmer
69%
Audrey Horne
64%
Bobby Briggs
59%
Ben Horne
56%
Leo Johnson
51%
Donna Hayward
50%
Sarah Palmer
47%
James Hurley
46%
Hawk
42%
Norma Jennings
40%
Ed Hurley
39%
Jerry Horne
38%
Josie Packard
37%
Nadine Hurley
36%
Gordon Cole
35%
Pete Martell
35%
Catherine Martell
32%
Hank Jennings
31%
Lucy Moran
29%
Shelley Johnson
29%
Garland Briggs
24%
Jacques Renault
22%
Windom Earle
21%
Jean Renault
20%
Maddy Ferguson
19%
Albert Rosenfield
18%
Sheriff Harry Truman
18%
Andrew Packard
17%
Dr Jacoby
14%
Blackie
13%
Will Hayward
10%
Deputy Andy Brennan
9%
Harold Smith
9%
Dick Tremayne
8%
Eileen Hayward
8%
Mike Nelson
8%
Ronette Pulaski
8%
One-Armed Man
7%
Man from another place
6%
Teresa Banks
4%
Chester Desmond
3%
Denise Bryson
3%
Phillip Jeffries
3%
Sam Stanley
2%
Evelyn Marsh
1%
Log Lady
0%
No matching quizzes found
Score Distribution
Percent of People with Each Score
Percentile by Number Answered
Your Score History
You have not taken this quiz